000 00613nam a2200241 a 4500
001 nice12345678
003 IN_TiNIC
005 20260116011700.0
008 050524s1969 mada grp 000 0 eng
020 _a
_c100
082 0 0 _a320.0954
_bCHA1
100 _aChatterji, Saral K
245 _aPeople, Parliament and the Fundamental Rights.
260 _aMadras
_bChristian Literature Society
_c1969
300 _a94p
500 _aincludes index and biblioraphy
505 2 _aAppendix
650 _aPolitics-India
700 1 _aChatterji, Saral K
902 _bSRS
942 _cBK
999 _c3381
_d3381